Elementary First Aid Course / (Record no. 1718)

000 -LEADER
fixed length control field 00558nam a2200217 a 4500
007 - PHYSICAL DESCRIPTION FIXED FIELD--GENERAL INFORMATION
fixed length control field ta
008 - FIXED-LENGTH DATA ELEMENTS--GENERAL INFORMATION
fixed length control field 200116t ii a|||g |||| 00| 0 eng d
040 ## - CATALOGING SOURCE
Original cataloging agency IMU Kochi Library
Language of cataloging eng
041 0# - LANGUAGE CODE
Language code of text/sound track or separate title eng
044 ## - COUNTRY OF PUBLISHING/PRODUCING ENTITY CODE
MARC country code India
082 04 - DEWEY DECIMAL CLASSIFICATION NUMBER
Edition number 23
Classification number 616.0252
Item number In253
110 ## - MAIN ENTRY--CORPORATE NAME
Corporate name or jurisdiction name as entry element Indian Maritime University (India)
245 10 - TITLE STATEMENT
Title Elementary First Aid Course /
Sub Title Indian Maritime University
260 ## - PUBLICATION, DISTRIBUTION, ETC. (IMPRINT)
Place of publication, distribution, etc Cochin :
Name of publisher, distributor, etc Indian Maritime University ,
Date of publication, distribution, etc [201- ?]
300 ## - PHYSICAL DESCRIPTION
Extent 85 p. :
Other physical details ill. ;
Dimensions 30 cm.
650 #0 - SUBJECT ADDED ENTRY--TOPICAL TERM
Topical term or geographic name as entry element First aid
651 ## - SUBJECT ADDED ENTRY--GEOGRAPHIC NAME
Chronological subdivision BK
852 ## - LOCATION/CALL NUMBER
Location IMU Kochi Library
904 ## - LOCAL DATA ELEMENT D, LDD (RLIN)
CATALOGER Reshma Rajesh
942 ## - ADDED ENTRY ELEMENTS (KOHA)
Item type Books
Holdings
Withdrawn status Lost status Source of classification or shelving scheme Damaged status Not for loan Collection code Permanent location Current location Shelving location Date acquired Source of acquisition Full call number Barcode Date last seen Koha item type Public note
          Gifted Collection IMU Kochi Library IMU Kochi Library General Stacks 2014-01-16 Donated Books 616.0252 In253 G0028 2020-01-16 Gratis Books Shelf-8, Row-4
          Gifted Collection IMU Kochi Library IMU Kochi Library General Stacks 2014-01-31 Donated Books 616.0252 In253 G0027 2020-01-31 Gratis Books Shelf-8, Row-4


Copyright © All Rights Reserved by Indian Maritime University, Kochi Campus.
For any Suggestions/Query Contact to library or Email: library.kochi@imu.ac.in Ph:(0484)-2989402
(Web OPAC Designed by Rudra Ranjan. Maintained by IMU Kochi Library)

Powered by Koha